Economía campesina y agricultura empresarial : tipología de productores del agro mexicano.
Gespeichert in:
| Körperschaft: | |
|---|---|
| Format: | Buch |
| Sprache: | Spanisch |
| Schlagworte: | |
| Tags: |
Keine Tags, Fügen Sie das erste Tag hinzu!
|
MARC
| LEADER | 00000cam^a2200000uu^4500 | ||
|---|---|---|---|
| 001 | 000457843 | ||
| 005 | 20250521000000.0 | ||
| 008 | 050901s1982^^^^^^^^^^^^rd^r^^000^0^spa^d | ||
| 009 | 20260310124054.82 | ||
| 022 | |a 9682510954 | ||
| 035 | |a FCE 000000287 | ||
| 035 | |a FCE 000288 | ||
| 037 | |a Acervo ITESO - Biblioteca | ||
| 041 | |a spa | ||
| 082 | 0 | 4 | |a 338.1 |b COMe |
| 110 | |a Comisión Económica para América Latina (CEPAL) | ||
| 245 | 1 | 0 | |a Economía campesina y agricultura empresarial : |b tipología de productores del agro mexicano. |
| 264 | |a México : |b SIGLO XXI, |c 1982. | ||
| 300 | |a 339 p. | ||
| 336 | |a texto |b txt |2 rdacontenido | ||
| 337 | |a sin mediación |b n |2 rdamedio | ||
| 338 | |a volumen |b nc |2 rdasoporte | ||
| 649 | |a XX | ||
| 650 | |a Agricultura | ||
| 650 | |a Economía | ||
| 650 | |a Desarrollo rural | ||
| 650 | |a Campesinos | ||
| 650 | |a Producción agrícola | ||
| 910 | |a Fondo Centro de Estudios Educativos | ||
| 920 | |a Impresos - Libros | ||
| 930 | |a Fondos Especiales | ||
| 905 | |a 133 | ||
| 901 | |a ALE000288 |b IT2 |c CEE |u 20250521 | ||
| 902 | |a https://opac.biblio.iteso.mx/vufind/Record/000457843 | ||